书目信息 |
| 题名: |
建筑工程计量与计价
|
|
| 作者: | 刘钦 主编 ;方俊、闫瑾副 主编 | |
| 分册: | ||
| 出版信息: | 北京 机械工业出版社 2022.08 |
|
| 页数: | 320页 | |
| 开本: | 20cm | |
| 丛书名: | ||
| 单 册: | ||
| 中图分类: | TU723.32-43 | |
| 科图分类: | ||
| 主题词: | 建筑工程--施工组织 , 建筑工程--施工计划 | |
| 电子资源: | ||
| ISBN: | 978-7-111-70940-4 | |
| 000 | 01455nam0 2200253 450 | |
| 001 | 2333916118 | |
| 005 | 20231229085820.32 | |
| 010 | @a978-7-111-70940-4@dCNY65.00 | |
| 100 | @a20230625d2022 km y0chiy0120 ea | |
| 101 | 0 | @achi |
| 102 | @aCN@b110000 | |
| 200 | 1 | @a建筑工程计量与计价@AJian Zhu Gong Cheng Ji Liang Yu Ji Jia@f刘钦主编;方俊、闫瑾副主编@Fliu qin zhu bian;fang jun、yan jin fu zhu bian |
| 205 | @a3版 | |
| 210 | @a北京@c机械工业出版社@d2022.08 | |
| 215 | @a320页@d20cm | |
| 300 | @a河南省"十四五 " 普通高等教育规划教材 本书主要作为高等院校工程造价、工程管理、土木工程、房地产开发与管理等专业本科教材, 还可供建筑工程设计、施工、管理和咨询等单位的技术及管理人员学习参考 | |
| 330 | @a本书以某地区房屋建筑与装饰工程预算定额为基本依据, 并按照《建设工程工程量清单计价规范》 ( GB 50500-2013 ) 、《房屋建筑与装饰工程工程量计算规范》 ( GB 50854-2013 ) 以及《工程造价改革工作方案》 ( 建办标 [ 2020 ] 38号 ) 的相关规定编写而成。 全书共分12章, 主要包括 : 建设工程计量与计价概述、建设工程计价的方法与计价依据、工程量清单计价方法、建筑面积的计算、土石方工程、桩与地基基础工程、砌筑工程、混凝土及钢筋混凝土工程、屋面及防水工程、装饰工程、房屋建筑与装饰工程措施项目及工程量清单计价示例。 | |
| 606 | 0 | @a建筑工程@x施工组织 |
| 606 | 0 | @a建筑工程@x施工计划 |
| 690 | @aTU723.32-43@v4 | |
| 701 | 0 | @a刘钦@ALiu Qin@4主编 |
| 702 | 0 | @a方俊、闫瑾副@Afang jun、yan jin fu@4主编 |
| 801 | 0 | @aCN@b河南城建学院图书馆@c20230625 |
| 905 | @dTU723.32-43@eL665=3 | |
| 建筑工程计量与计价/刘钦主编;方俊、闫瑾副主编.-3版.-北京:机械工业出版社,2022.08 |
| 320页;20cm |
| 河南省"十四五 " 普通高等教育规划教材 本书主要作为高等院校工程造价、工程管理、土木工程、房地产开发与管理等专业本科教材, 还可供建筑工程设计、施工、管理和咨询等单位的技术及管理人员学习参考 |
| ISBN 978-7-111-70940-4:CNY65.00 |
| 本书以某地区房屋建筑与装饰工程预算定额为基本依据, 并按照《建设工程工程量清单计价规范》 ( GB 50500-2013 ) 、《房屋建筑与装饰工程工程量计算规范》 ( GB 50854-2013 ) 以及《工程造价改革工作方案》 ( 建办标 [ 2020 ] 38号 ) 的相关规定编写而成。 全书共分12章, 主要包括 : 建设工程计量与计价概述、建设工程计价的方法与计价依据、工程量清单计价方法、建筑面积的计算、土石方工程、桩与地基基础工程、砌筑工程、混凝土及钢筋混凝土工程、屋面及防水工程、装饰工程、房屋建筑与装饰工程措施项目及工程量清单计价示例。 |
| ● |
| 相关链接 |
|
|
|
正题名:建筑工程计量与计价
索取号:TU723.32-43/L665=3
 
预约/预借
| 序号 | 登录号 | 条形码 | 馆藏地/架位号 | 状态 | 备注 |
| 1 | 1037034 | 210370347 | 建筑库201/201建筑库 106排9列5层/ | 在馆 | |
| 2 | 1349898 | 213498981 | 建筑库201/201建筑库 106排4列4层/ | 在馆 | |
| 3 | 1504434 | 215044342 | 建筑库201/201建筑库 69排2列1层/ [索取号:TU723.32-43/L665=3] |
已借出,限还日期为2024.06.04 借出人:张小龙 |
|
| 4 | 1506504 | 215065042 | 建筑库201/201建筑库 106排9列5层/ | 在馆 | |
| 5 | 678448 | 206784489 | 建筑库201/201建筑库 106排9列5层/ | 在馆 |